| 000 | 00558 a2200169 4500 | ||
|---|---|---|---|
| 020 | _a0471982326 | ||
| 020 | _a9780471982326 | ||
| 082 | _a519.72 | ||
| 090 |
_c915 _d915 |
||
| 100 | 1 | _aSchrijver, Alexander. | |
| 245 | 1 | 0 |
_aTheory of linear and integer programming / _cAlexander Schrijver. |
| 260 |
_a[S.l.] : _bWiley, _c1986 |
||
| 300 |
_a484 p. ; _c25 cm. |
||
| 700 | _aSchrijver, Alexander. | ||
| 942 |
_aSNS _cBK _k519.72 SCH |
||
| 999 |
_c29537 _d29537 |
||